[Event "IND-ch (Women) 50th"]
[Site "Karaikudi"]
[Date "2024.10.13"]
[Round "11"]
[White "Sunyuktha, CMN"]
[Black "Jeevika, S1."]
[Result "0-1"]
[WhiteElo "2096"]
[BlackElo "1881"]
[PlyCount "84"]
[EventDate "2024.10.03"]
[EventType "swiss"]
[EventRounds "11"]
[EventCountry "IND"]
[SourceTitle "CB47_2024"]
[SourceDate "2024.11.20"]
[SourceVersion "1"]
[SourceVersionDate "2024.11.20"]
[SourceQuality "1"]

1. e4 c5 2. Nf3 Nc6 3. Bb5 Nf6 4. Nc3 Qc7 5. 0-0 a6 6. Be2 e5 7. Nd5 Nxd5 8. exd5 Nd4 9. c3 Nxf3+ 10. Bxf3 Be7 11. d4 d6 12. Re1 0-0 13. a4 f5 14. g3 f4 15. Be4 Bf5 16. gxf4 Rf6 17. dxe5 dxe5 18. Bxf5 Rxf5 19. Qg4 Rf6 20. f5 Raf8 21. Be3 Qd6 22. Qc4 Rxf5 23. b4 Rh5 24. Qg4 Rh4 25. Qe6+ Qxe6 26. dxe6 cxb4 27. cxb4 Bxb4 28. Red1 Rg4+ 29. Kf1 Rh4 30. Kg2 Re8 31. Kg3 Rc4 32. Rd7 Rxe6 33. Rxb7 Rg6+ 34. Kf3 e4+ 35. Ke2 Rc2+ 36. Kd1 Rb2 37. Kc1 Re2 38. Rb8+ Kf7 39. Rb7+ Ke8 40. Rb8+ Kd7 41. Kd1 Re1+ 42. Kc2 Rc6+ 0-1

[Event "IND-ch (Women) 50th"]
[Site "Karaikudi"]
[Date "2024.10.10"]
[Round "8"]
[White "Lasya, Goli"]
[Black "Sunyuktha, CMN"]
[Result "0-1"]
[WhiteElo "2010"]
[BlackElo "2096"]
[PlyCount "108"]
[EventDate "2024.10.03"]
[EventType "swiss"]
[EventRounds "11"]
[EventCountry "IND"]
[SourceTitle "CB47_2024"]
[SourceDate "2024.11.20"]
[SourceVersion "1"]
[SourceVersionDate "2024.11.20"]
[SourceQuality "1"]

1. e4 c5 2. Nf3 d6 3. Bb5+ Nd7 4. c4 Ngf6 5. Nc3 g6 6. h3 Bg7 7. d3 0-0 8. Ba4 Ne8 9. Be3 Nb6 10. Bb3 Nc7 11. Qd2 Ne6 12. Bh6 Nd4 13. Nxd4 cxd4 14. Ne2 e5 15. h4 Bxh6 16. Qxh6 Qf6 17. h5 Qg7 18. Qd2 Be6 19. Ng3 Nd7 20. Bc2 a5 21. b3 Rfc8 22. f3 Qf6 23. Kf2 Nf8 24. hxg6 fxg6 25. Rh6 Rc7 26. Rah1 Rf7 27. a3 Bd7 28. R6h4 Ne6 29. Bd1 Nf4 30. Nf1 b6 31. Ke1 h5 32. g3 Ne6 33. g4 Nf4 34. gxh5 g5 35. Rg1 Kh7 36. Rhh1 g4 37. Rg3 gxf3 38. Bxf3 Rg7 39. Rxg7+ Qxg7 40. Kd1 Rf8 41. Kc1 Bg4 42. Nh2 Bxf3 43. Nxf3 Qg3 44. Rf1 Rg8 45. Kc2 Qh3 46. Rf2 Rg3 47. Ne1 Re3 48. b4 axb4 49. axb4 Qh1 50. Ng2 Rxd3 51. Qe1 Rc3+ 52. Kd2 Qh3 53. Qf1 Rd3+ 54. Kc2 Ra3 0-1

[Event "IND-ch (Women) 50th"]
[Site "Karaikudi"]
[Date "2024.10.09"]
[Round "7"]
[White "Sunyuktha, CMN"]
[Black "Akshaya, Sathi"]
[Result "1-0"]
[WhiteElo "2096"]
[BlackElo "1830"]
[PlyCount "153"]
[EventDate "2024.10.03"]
[EventType "swiss"]
[EventRounds "11"]
[EventCountry "IND"]
[SourceTitle "CB47_2024"]
[SourceDate "2024.11.20"]
[SourceVersion "1"]
[SourceVersionDate "2024.11.20"]
[SourceQuality "1"]

1. e4 c5 2. Nf3 d6 3. d4 cxd4 4. Nxd4 Nf6 5. Nc3 Nc6 6. Bg5 e6 7. Qd3 Bd7 8. 0-0-0 a6 9. Nxc6 Bxc6 10. Qg3 Be7 11. e5 Nh5 12. Bxe7 Nxg3 13. Bxd8 Nxh1 14. Bb6 Nxf2 15. Bxf2 dxe5 16. Bb6 f5 17. Bc7 e4 18. Ne2 Rc8 19. Be5 Kf7 20. Nd4 Bd5 21. Nxf5 exf5 22. Rxd5 Ke6 23. c4 Rhg8 24. Bc3 g6 25. g4 Rgf8 26. gxf5+ gxf5 27. Bh3 Rxc4 28. Re5+ Kd6 29. Rxf5 Re8 30. Rf6+ Kd5 31. Rf5+ Kd6 32. Rf6+ Kd5 33. Rf5+ Kd6 34. Bf1 Rcc8 35. Kd2 e3+ 36. Ke2 Rc4 37. Rf3 Rce4 38. Bg2 R4e6 39. Bd4 Rc8 40. Bc3 Rce8 41. Bb4+ Kd5 42. Kd3 Kc6 43. Rf7+ Kb5 44. Rxb7+ Rb6 45. Rxb6+ Kxb6 46. Be1 h6 47. Be4 e2 48. Bf3 Kc5 49. Bxe2 Rg8 50. Bf3 Rd8+ 51. Kc3 Rf8 52. Be2 Re8 53. Bf2+ Kd5 54. Bxa6 Rf8 55. Bb7+ Ke6 56. Be3 h5 57. a4 h4 58. a5 Rf1 59. a6 Re1 60. Bf2 Rc1+ 61. Kd2 Rb1 62. Bd4 Kf5 63. a7 Ra1 64. a8Q Rxa8 65. Bxa8 Kg4 66. b4 Kh3 67. b5 Kxh2 68. Bd5 Kg3 69. b6 h3 70. b7 h2 71. b8Q+ Kh3 72. Qh8+ Kg3 73. Qg7+ Kf4 74. Qe5+ Kg4 75. Be6+ Kf3 76. Qe3+ Kg2 77. Qf2+ 1-0

[Event "Belgrade Serbia op"]
[Site "Belgrade"]
[Date "2023.07.19"]
[Round "4"]
[White "Sunyuktha, CMN"]
[Black "Avinash, Ramesh"]
[Result "1/2-1/2"]
[WhiteElo "1945"]
[BlackElo "2271"]
[PlyCount "125"]
[EventDate "2023.07.16"]
[EventType "swiss"]
[EventRounds "9"]
[EventCountry "SRB"]
[SourceTitle "CBM 215 Extra"]
[Source "ChessBase"]
[SourceDate "2023.09.30"]
[SourceVersion "1"]
[SourceVersionDate "2023.09.30"]
[SourceQuality "1"]

1. e4 c5 2. Nf3 d6 3. Bb5+ Nd7 4. a4 Ngf6 5. Nc3 g6 6. a5 Bg7 7. 0-0 a6 8. Be2 0-0 9. d3 b5 10. axb6 a5 11. Re1 Bb7 12. Bg5 h6 13. Bd2 Nxb6 14. e5 Nfd5 15. Ne4 a4 16. Qc1 Kh7 17. h4 Qc7 18. exd6 exd6 19. h5 Rae8 20. c3 Qd8 21. Qc2 Nf6 22. Ng3 Nxh5 23. Nxh5 gxh5 24. d4+ Kg8 25. dxc5 dxc5 26. Be3 Rxe3 27. fxe3 Qe7 28. Bf1 f5 29. Qf2 Bf6 30. Qg3+ Kh7 31. Qh3 Qe4 32. Rad1 Qg4 33. Qxg4 hxg4 34. Nd2 Bh4 35. Re2 Ba6 36. c4 Rd8 37. Rc1 h5 38. Rc2 Kh6 39. Kh2 Bf6 40. Rf2 Be5+ 41. Kh1 Kg5 42. Rc1 Bg3 43. Re2 Be5 44. Rf2 h4 45. Nb1 f4 46. Nc3 Bb7 47. exf4+ Bxf4 48. Rd1 Rxd1 49. Nxd1 g3 50. Re2 Kf6 51. b3 axb3 52. Rb2 Bc6 53. Rxb3 Nd7 54. Kg1 Ba4 55. Rf3 Kg5 56. Be2 Ne5 57. Ra3 Bxd1 58. Bxd1 Nxc4 59. Rc3 Ne5 60. Kf1 c4 61. Be2 Bd2 62. Rxc4 Nxc4 63. Bxc4 1/2-1/2

[Event "Belgrade Serbia op"]
[Site "Belgrade"]
[Date "2023.07.17"]
[Round "2"]
[White "Sunyuktha, CMN"]
[Black "Radojicic, Aleksandar M"]
[Result "1-0"]
[WhiteElo "1945"]
[BlackElo "2203"]
[PlyCount "97"]
[EventDate "2023.07.16"]
[EventType "swiss"]
[EventRounds "9"]
[EventCountry "SRB"]
[SourceTitle "CBM 215 Extra"]
[Source "ChessBase"]
[SourceDate "2023.09.30"]
[SourceVersion "1"]
[SourceVersionDate "2023.09.30"]
[SourceQuality "1"]

1. e4 c5 2. Nf3 e6 3. d4 cxd4 4. Nxd4 a6 5. Bd3 Nf6 6. 0-0 d6 7. Qe2 e5 8. Nb3 Be7 9. Bg5 Nbd7 10. c4 0-0 11. Nc3 b6 12. Rfd1 Bb7 13. Rac1 h6 14. Be3 Nc5 15. Nxc5 bxc5 16. Bc2 Qc7 17. a3 Rfc8 18. f4 Nd7 19. Nd5 Bxd5 20. exd5 Bf6 21. Qd3 Nf8 22. b3 Re8 23. fxe5 Bxe5 24. b4 Rad8 25. Rb1 Qe7 26. Bf2 g6 27. bxc5 dxc5 28. Ba4 Nd7 29. Rb7 Qd6 30. Qh3 Re7 31. Bxd7 Rdxd7 32. Rxd7 Rxd7 33. Qxh6 Rb7 34. Qh3 Kg7 35. Bg3 Bd4+ 36. Kh1 Qb6 37. Qg4 Qb3 38. d6 Qc2 39. Rf1 Qxc4 40. Be5+ f6 41. Bxf6+ Kf7 42. Qf4 Kg8 43. Be7 Kh7 44. Qh4+ Kg7 45. Bf6+ Kf7 46. Qh7+ Ke6 47. Re1+ Kxd6 48. Qxb7 Bxf6 49. Qb6+ 1-0

[Event "Paracin op 16th"]
[Site "Paracin"]
[Date "2023.07.12"]
[Round "6"]
[White "Sunyuktha, CMN"]
[Black "Kairbekova, Amina"]
[Result "0-1"]
[WhiteElo "1945"]
[BlackElo "2173"]
[PlyCount "76"]
[EventDate "2023.07.07"]
[EventType "swiss"]
[EventRounds "9"]
[EventCountry "SRB"]
[SourceTitle "EXT 2024"]
[Source "ChessBase"]
[SourceDate "2023.10.10"]
[SourceVersion "1"]
[SourceVersionDate "2023.10.10"]
[SourceQuality "1"]

1. e4 e5 2. Nf3 Nc6 3. Bb5 a6 4. Ba4 d6 5. c4 Bg4 6. Nc3 Nf6 7. d3 Nd7 8. Bxc6 bxc6 9. h3 Bxf3 10. Qxf3 Nc5 11. 0-0 g6 12. Qd1 Ne6 13. Be3 Bg7 14. Ne2 c5 15. Qd2 f5 16. f4 0-0 17. exf5 gxf5 18. Rae1 Kh8 19. Kh2 Qf6 20. b3 Rae8 21. fxe5 dxe5 22. Nc3 Qd8 23. Kh1 e4 24. Nd5 c6 25. Nf4 Nxf4 26. Bxf4 Qxd3 27. Qxd3 exd3 28. Rd1 Re2 29. Rxd3 Bd4 30. Rd2 Rfe8 31. b4 Rxd2 32. Bxd2 Re2 33. Bh6 Re6 34. Bf8 cxb4 35. Bxb4 c5 36. Bd2 Re2 37. Bh6 Bf2 38. g3 Kg8 0-1

[Event "Paracin op 16th"]
[Site "Paracin"]
[Date "2023.07.10"]
[Round "4"]
[White "Sunyuktha, CMN"]
[Black "Valiyev, Shahin"]
[Result "1-0"]
[WhiteElo "1945"]
[BlackElo "2220"]
[PlyCount "57"]
[EventDate "2023.07.07"]
[EventType "swiss"]
[EventRounds "9"]
[EventCountry "SRB"]
[SourceTitle "EXT 2024"]
[Source "ChessBase"]
[SourceDate "2023.10.10"]
[SourceVersion "1"]
[SourceVersionDate "2023.10.10"]
[SourceQuality "1"]

1. e4 c5 2. Nf3 d6 3. d4 cxd4 4. Nxd4 Nf6 5. Nc3 a6 6. Bg5 Nbd7 7. Qe2 Qc7 8. 0-0-0 e6 9. f4 b5 10. a3 Rb8 11. Nd5 exd5 12. exd5+ Be7 13. Nc6 Nb6 14. Bxf6 gxf6 15. Nxb8 Qxb8 16. Qe4 Qb7 17. Be2 Kd8 18. Rhe1 Na4 19. Qd4 Qb6 20. Qd2 Nc5 21. Bh5 Qc7 22. Qc3 Rg8 23. b4 Ne6 24. Qd2 Ng7 25. Bf3 h5 26. Re3 Qc4 27. Rc3 Qa2 28. Qf2 Ne8 29. Qb6+ 1-0

[Event "Paracin op 16th"]
[Site "Paracin"]
[Date "2023.07.08"]
[Round "2"]
[White "Sunyuktha, CMN"]
[Black "Sylvan, Jacob"]
[Result "1-0"]
[WhiteElo "1945"]
[BlackElo "2306"]
[PlyCount "57"]
[EventDate "2023.07.07"]
[EventType "swiss"]
[EventRounds "9"]
[EventCountry "SRB"]
[SourceTitle "EXT 2024"]
[Source "ChessBase"]
[SourceDate "2023.10.10"]
[SourceVersion "1"]
[SourceVersionDate "2023.10.10"]
[SourceQuality "1"]

1. e4 c5 2. Nf3 e6 3. d4 cxd4 4. Nxd4 Nc6 5. Nb5 d6 6. c4 Nf6 7. N5c3 Be7 8. Be2 0-0 9. 0-0 b6 10. Be3 Bb7 11. Nd2 Ne5 12. f4 Ned7 13. Bf3 Rc8 14. Qe2 Qc7 15. g4 h6 16. Kh1 Nh7 17. Rac1 Qd8 18. Rfd1 Qe8 19. Nf1 a6 20. Ng3 Rc7 21. Na4 Nc5 22. Nxb6 Qc6 23. b4 Qxb6 24. Rb1 Qc6 25. bxc5 dxc5 26. Kg2 e5 27. Nf5 Re8 28. Rd5 Bf8 29. fxe5 1-0

[Event "Veliko Gradiste Silver Lake op-A"]
[Site "Veliko Gradiste"]
[Date "2023.06.24"]
[Round "8"]
[White "Phatak, Aanjaneya"]
[Black "Sunyuktha, CMN"]
[Result "0-1"]
[WhiteElo "2115"]
[BlackElo "1910"]
[PlyCount "98"]
[EventDate "2023.06.18"]
[EventType "swiss"]
[EventRounds "9"]
[EventCountry "SRB"]
[SourceTitle "CBM 215 Extra"]
[Source "ChessBase"]
[SourceDate "2023.09.30"]
[SourceVersion "1"]
[SourceVersionDate "2023.09.30"]
[SourceQuality "1"]

1. e4 c5 2. Nf3 d6 3. d4 cxd4 4. Nxd4 Nf6 5. Nc3 a6 6. Bg5 e6 7. f4 h6 8. Bh4 Qb6 9. Qd2 Qxb2 10. Rb1 Qa3 11. e5 dxe5 12. fxe5 Nfd7 13. Ne4 Qxa2 14. Rd1 Qd5 15. Qe3 Qxe5 16. Be2 Bc5 17. Bg3 Bxd4 18. Rxd4 Qa5+ 19. c3 0-0 20. Bd6 Nc6 21. 0-0 Nxd4 22. cxd4 f5 23. Ng3 Qd5 24. Bxf8 Nxf8 25. Nh5 Bd7 26. Bf3 Qd6 27. Bxb7 Rb8 28. Bxa6 Rb4 29. Rd1 Ba4 30. Rd3 Rb1+ 31. Kf2 Rb2+ 32. Kg1 Qxa6 33. Qe5 Qb7 34. Rf3 Bc6 35. Rg3 Rxg2+ 36. Rxg2 Bxg2 37. Qg3 Bf3 38. Nf4 Be4 39. Nh5 Qb1+ 40. Kf2 Qb2+ 41. Ke1 Qxd4 42. h4 Bd3 43. Nf4 Qe4+ 44. Kf2 Ba6 45. h5 e5 46. Ng2 f4 47. Qg4 Qd4+ 48. Ke1 Qg1+ 49. Kd2 Bb7 0-1

[Event "Veliko Gradiste Silver Lake op-A"]
[Site "Veliko Gradiste"]
[Date "2023.06.19"]
[Round "3"]
[White "Sunyuktha, CMN"]
[Black "Srivatsan, Karthikeyan"]
[Result "1-0"]
[WhiteElo "1910"]
[BlackElo "2001"]
[PlyCount "113"]
[EventDate "2023.06.18"]
[EventType "swiss"]
[EventRounds "9"]
[EventCountry "SRB"]
[SourceTitle "CBM 215 Extra"]
[Source "ChessBase"]
[SourceDate "2023.09.30"]
[SourceVersion "1"]
[SourceVersionDate "2023.09.30"]
[SourceQuality "1"]

1. e4 e5 2. Nf3 Nc6 3. Bb5 a6 4. Ba4 Nf6 5. 0-0 Be7 6. Re1 b5 7. Bb3 0-0 8. c3 d6 9. h3 Na5 10. Bc2 c5 11. d4 Qc7 12. Nbd2 cxd4 13. cxd4 Bd7 14. Nf1 Rfc8 15. Ne3 Bf8 16. b3 Nc6 17. Bb2 Re8 18. Rc1 Qa5 19. Nd5 Nxd5 20. exd5 Nxd4 21. Nxd4 exd4 22. Rxe8 Rxe8 23. Qxd4 Re1+ 24. Rxe1 Qxe1+ 25. Kh2 Qe8 26. Qd3 f5 27. g4 Qf7 28. gxf5 Bc8 29. f6 g6 30. Qf3 Bh6 31. h4 Qd7 32. h5 Kf7 33. hxg6+ hxg6 34. Qg3 Qg4 35. Qxg4 Bxg4 36. Kg3 Bh5 37. a4 b4 38. Bd3 a5 39. Bd4 Bg5 40. Bb6 Bxf6 41. Bxa5 Be5+ 42. Kg2 Bc3 43. Bd8 Bg4 44. a5 Bc8 45. Bc7 Be5 46. a6 Ke7 47. Bb5 Bd4 48. Bb8 Kd8 49. Bxd6 Bf5 50. f3 g5 51. Bxb4 g4 52. Bd6 Kc8 53. b4 gxf3+ 54. Kxf3 Ba7 55. Bc5 Bb8 56. a7 Bxa7 57. Bxa7 1-0

[Event "IND-ch (Women) 48th"]
[Site "Hatkanangale"]
[Date "2023.01.04"]
[Round "10"]
[White "Shah, Vishwa"]
[Black "Sunyuktha, CMN"]
[Result "1-0"]
[WhiteElo "2128"]
[BlackElo "1820"]
[PlyCount "59"]
[EventDate "2022.12.26"]
[EventType "swiss"]
[EventRounds "11"]
[EventCountry "IND"]
[SourceTitle "CBM 212 Extra"]
[Source "ChessBase"]
[SourceDate "2023.03.31"]
[SourceVersion "1"]
[SourceVersionDate "2023.03.31"]
[SourceQuality "1"]

1. e4 c5 2. Nc3 a6 3. g3 Nc6 4. Bg2 g6 5. d3 Bg7 6. Be3 d6 7. Qd2 Nd4 8. Nd1 Rb8 9. c3 Nc6 10. Ne2 b5 11. 0-0 Bb7 12. f4 Nf6 13. Nf2 0-0 14. g4 Ne8 15. f5 b4 16. Bh6 a5 17. Bxg7 Kxg7 18. c4 Ne5 19. Ng3 e6 20. g5 exf5 21. exf5 Bxg2 22. Kxg2 Qd7 23. Nfe4 Qc6 24. Rad1 Nc7 25. Qf4 Rbe8 26. Kg1 Rd8 27. Qh4 Nd7 28. Qh6+ Kh8 29. Rf4 Ne5 30. Nf6 1-0

[Event "IND-ch (Women) 48th"]
[Site "Hatkanangale"]
[Date "2023.01.03"]
[Round "9"]
[White "Sunyuktha, CMN"]
[Black "Divya, Deshmukh"]
[Result "0-1"]
[WhiteElo "1820"]
[BlackElo "2347"]
[PlyCount "64"]
[EventDate "2022.12.26"]
[EventType "swiss"]
[EventRounds "11"]
[EventCountry "IND"]
[SourceTitle "CBM 212 Extra"]
[Source "ChessBase"]
[SourceDate "2023.03.31"]
[SourceVersion "1"]
[SourceVersionDate "2023.03.31"]
[SourceQuality "1"]

1. e4 c5 2. Nf3 e6 3. d4 cxd4 4. Nxd4 Nf6 5. Bd3 Nc6 6. Nxc6 bxc6 7. 0-0 d5 8. Nd2 Qc7 9. Qe2 Bd6 10. h3 0-0 11. c4 d4 12. c5 Bxc5 13. Nb3 Bb6 14. e5 Nd7 15. Qe4 f5 16. exf6 Nxf6 17. Qh4 e5 18. Bc4+ Kh8 19. Bg5 Bf5 20. Nd2 Ba5 21. Rac1 Bxd2 22. Bxd2 Rab8 23. Bb3 Ne4 24. Be1 Rf6 25. Qh5 d3 26. Rd1 Bg6 27. Qh4 Rf4 28. g4 c5 29. f3 Nd6 30. Bc3 c4 31. Ba4 Nf5 32. Qg5 Nd4 0-1

[Event "IND-ch (Women) 48th"]
[Site "Hatkanangale"]
[Date "2023.01.01"]
[Round "7"]
[White "Sunyuktha, CMN"]
[Black "Mrudul, Dehankar"]
[Result "1-0"]
[WhiteElo "1820"]
[BlackElo "2126"]
[PlyCount "71"]
[EventDate "2022.12.26"]
[EventType "swiss"]
[EventRounds "11"]
[EventCountry "IND"]
[SourceTitle "CBM 212 Extra"]
[Source "ChessBase"]
[SourceDate "2023.03.31"]
[SourceVersion "1"]
[SourceVersionDate "2023.03.31"]
[SourceQuality "1"]

1. e4 c6 2. d4 d5 3. f3 dxe4 4. fxe4 e5 5. Nf3 exd4 6. Bc4 Nf6 7. 0-0 Be6 8. Bxe6 fxe6 9. e5 Ne4 10. Nxd4 Qd5 11. Nc3 Nxc3 12. bxc3 Nd7 13. Qh5+ g6 14. Qh3 0-0-0 15. Nxe6 Re8 16. Nxf8 Rhxf8 17. Bf4 Rf5 18. Bg3 Qc5+ 19. Bf2 Qe7 20. Rad1 Ref8 21. Bxa7 b6 22. Rxf5 Rxf5 23. Qd3 Nc5 24. Qc4 Qxa7 25. Qg8+ Kb7 26. e6 b5 27. e7 Ne4+ 28. Rd4 Qa3 29. Rd7+ Kb6 30. Qb8+ Kc5 31. Rd1 Kc4 32. e8Q Qc5+ 33. Rd4+ Kxc3 34. Qxe4 Qxd4+ 35. Qxd4+ Kxd4 36. Qd6+ 1-0

[Event "IND-ch (Women) 48th"]
[Site "Hatkanangale"]
[Date "2022.12.30"]
[Round "5"]
[White "Sunyuktha, CMN"]
[Black "Deodhar, Vrushali Umesh"]
[Result "1-0"]
[WhiteElo "1820"]
[BlackElo "2108"]
[PlyCount "109"]
[EventDate "2022.12.26"]
[EventType "swiss"]
[EventRounds "11"]
[EventCountry "IND"]
[SourceTitle "CBM 212 Extra"]
[Source "ChessBase"]
[SourceDate "2023.03.31"]
[SourceVersion "1"]
[SourceVersionDate "2023.03.31"]
[SourceQuality "1"]

1. e4 c5 2. Nf3 Nc6 3. Bb5 g6 4. 0-0 Bg7 5. Re1 Nf6 6. c3 0-0 7. d4 cxd4 8. cxd4 d5 9. e5 Ne4 10. Nc3 Nxc3 11. bxc3 Qb6 12. a4 a6 13. Be2 Qa5 14. Qb3 Rb8 15. Ba3 Bf5 16. Bc5 Qd8 17. Bb6 Qd7 18. Nd2 Kh8 19. Bf3 Be6 20. Qa2 f6 21. Nb3 fxe5 22. Nc5 Qd6 23. Bc7 Qxc7 24. Nxe6 Qd6 25. Nxf8 Rxf8 26. Qxd5 Qf6 27. Rab1 exd4 28. cxd4 Nxd4 29. Qxb7 e5 30. Qe4 Qg5 31. Re3 Qf6 32. a5 Qd8 33. Ra3 Rf4 34. Qb7 Bf8 35. Qb8 Qg5 36. h4 Qf5 37. Re3 Kg8 38. Bd5+ Kg7 39. Rb7+ Kh6 40. Bg8 Bg7 41. Qc7 Qf8 42. Qxe5 Rg4 43. Qd5 Qc8 44. Rb1 Qc7 45. g3 Nf5 46. Qd2 Qf4 47. Rd3 Qxd2 48. Rxd2 Nxh4 49. Rd7 Nf5 50. Kg2 Ra4 51. Be6 Nd4 52. f4 g5 53. f5 Kh5 54. Rh1+ Kg4 55. Rxd4+ 1-0

[Event "IND-ch (Women) 48th"]
[Site "Hatkanangale"]
[Date "2022.12.29"]
[Round "4"]
[White "Pandey, Srishti"]
[Black "Sunyuktha, CMN"]
[Result "1/2-1/2"]
[WhiteElo "2198"]
[BlackElo "1820"]
[PlyCount "75"]
[EventDate "2022.12.26"]
[EventType "swiss"]
[EventRounds "11"]
[EventCountry "IND"]
[SourceTitle "CBM 212 Extra"]
[Source "ChessBase"]
[SourceDate "2023.03.31"]
[SourceVersion "1"]
[SourceVersionDate "2023.03.31"]
[SourceQuality "1"]

1. d4 d5 2. c4 e6 3. Nc3 Nf6 4. cxd5 exd5 5. Bg5 Be7 6. e3 c6 7. Bd3 0-0 8. h3 Re8 9. Qc2 Nbd7 10. Nf3 Nf8 11. 0-0 g6 12. Bh6 Ne6 13. Ne5 Ng7 14. g4 Nd7 15. f4 Bf8 16. Qf2 Ne6 17. Bxf8 Nexf8 18. Rad1 Nxe5 19. dxe5 Qb6 20. Bb1 f6 21. exf6 Qxe3 22. Rfe1 Qxf2+ 23. Kxf2 Bd7 24. Rh1 Kf7 25. g5 Rad8 26. Ne2 Ne6 27. h4 h5 28. Rc1 c5 29. Rhd1 d4 30. a3 Bc6 31. f5 gxf5 32. Bxf5 Rd5 33. Bd3 Nxg5 34. hxg5 Rxg5 35. Rg1 Rxg1 36. Nxg1 Re5 37. Be2 h4 38. Bf3 1/2-1/2

[Event "Asia/Oceania Uni-ch (Women)"]
[Site "Tornelo INT"]
[Date "2022.12.20"]
[Round "9"]
[White "Wijesuriya, GPY"]
[Black "Sunyuktha, CMN"]
[Result "0-1"]
[WhiteElo "1476"]
[BlackElo "1770"]
[PlyCount "66"]
[EventDate "2022.12.18"]
[EventType "swiss (rapid)"]
[EventRounds "9"]
[EventCountry "NET"]
[SourceTitle "EXT 2024"]
[Source "ChessBase"]
[SourceDate "2023.10.10"]
[SourceVersion "1"]
[SourceVersionDate "2023.10.10"]
[SourceQuality "1"]

1. e4 c5 2. Nc3 a6 3. g3 b5 4. Bg2 Bb7 5. d3 Nc6 6. b3 g6 7. Bb2 Bg7 8. Rb1 e6 9. Nce2 Bxb2 10. Rxb2 Nge7 11. Nh3 0-0 12. 0-0 d5 13. c4 Nd4 14. Nxd4 cxd4 15. cxb5 axb5 16. e5 Qc7 17. f4 Nf5 18. Qf3 Ne3 19. Re1 Qc3 20. Rbe2 Qxd3 21. Nf2 Qc3 22. Bh3 Rxa2 23. Ng4 Rxe2 24. Nf6+ Kg7 25. Qxe2 Ra8 26. Kf2 Qxb3 27. Kg1 Ra2 28. Qf3 Qc2 29. Ng4 Nxg4 30. Bxg4 Qxh2+ 31. Kf1 b4 32. f5 Ba6+ 33. Re2 Ra1# 0-1

[Event "IND-ch (Women) 46th"]
[Site "Managiri"]
[Date "2019.07.22"]
[Round "6"]
[White "Chitlange, Sakshi"]
[Black "Sunyuktha, CMN"]
[Result "1/2-1/2"]
[WhiteElo "2168"]
[BlackElo "1815"]
[PlyCount "89"]
[EventDate "2019.07.19"]
[EventType "swiss"]
[EventRounds "11"]
[EventCountry "IND"]
[SourceTitle "EXT 2020"]
[Source "ChessBase"]
[SourceDate "2019.10.17"]
[SourceVersion "1"]
[SourceVersionDate "2019.10.17"]
[SourceQuality "1"]

1. d4 d5 2. Bf4 Nf6 3. e3 e6 4. Nd2 c5 5. c3 Nc6 6. Ngf3 Bd6 7. Bg3 0-0 8. Bb5 cxd4 9. Bxd6 Qxd6 10. cxd4 Bd7 11. 0-0 Rac8 12. a3 Rc7 13. Bd3 Rfc8 14. Nb3 e5 15. dxe5 Nxe5 16. Nbd4 Ne4 17. Nxe5 Qxe5 18. Qe2 Nc5 19. Rac1 Ne6 20. Rxc7 Rxc7 21. Nf3 Qf6 22. Qd2 b6 23. Bb1 Bb5 24. Rd1 Ba4 25. Re1 g6 26. h3 h5 27. Kh1 Kg7 28. Re2 Bb3 29. Re1 a5 30. Rc1 Rxc1+ 31. Qxc1 d4 32. e4 Qd8 33. Qd2 Qd6 34. Qd3 a4 35. Qd2 Qc5 36. Bd3 Bc4 37. Bc2 b5 38. Bb1 Bb3 39. Ne1 Bc4 40. f4 Qd6 41. f5 Nc5 42. Qb4 Qc7 43. Qd2 Qd6 44. Qb4 Qc7 45. Qd2 1/2-1/2

[Event "IND-ch (Women) 46th"]
[Site "Managiri"]
[Date "2019.07.22"]
[Round "5"]
[White "Sunyuktha, CMN"]
[Black "Thipsay, Bagyashree Sathe"]
[Result "0-1"]
[WhiteElo "1815"]
[BlackElo "2093"]
[PlyCount "66"]
[EventDate "2019.07.19"]
[EventType "swiss"]
[EventRounds "11"]
[EventCountry "IND"]
[SourceTitle "EXT 2020"]
[Source "ChessBase"]
[SourceDate "2019.10.17"]
[SourceVersion "1"]
[SourceVersionDate "2019.10.17"]
[SourceQuality "1"]

1. e4 c6 2. d4 d5 3. e5 Bf5 4. Nf3 e6 5. Be2 Nd7 6. 0-0 h6 7. Nbd2 Ne7 8. Nb3 g5 9. a4 Qc7 10. Bd2 Bg6 11. a5 Nf5 12. a6 b6 13. c4 dxc4 14. Bxc4 Rc8 15. Rc1 Qd8 16. Qe2 Ne7 17. Bb4 Bg7 18. Nbd2 Nd5 19. Bxd5 cxd5 20. Qb5 Bf8 21. Bd6 g4 22. Rxc8 Qxc8 23. Nh4 Bh7 24. Nb3 Bxd6 25. exd6 0-0 26. Rc1 Qd8 27. g3 Nf6 28. Qc6 Bd3 29. Qb7 Ne4 30. f3 gxf3 31. Nxf3 Qf6 32. Ne5 Qf2+ 33. Kh1 Nxg3+ 0-1

[Event "IND-ch (Women) 46th"]
[Site "Managiri"]
[Date "2019.07.20"]
[Round "3"]
[White "Jain, Nityata"]
[Black "Sunyuktha, CMN"]
[Result "1-0"]
[WhiteElo "2135"]
[BlackElo "1815"]
[PlyCount "99"]
[EventDate "2019.07.19"]
[EventType "swiss"]
[EventRounds "11"]
[EventCountry "IND"]
[SourceTitle "EXT 2020"]
[Source "ChessBase"]
[SourceDate "2019.10.17"]
[SourceVersion "1"]
[SourceVersionDate "2019.10.17"]
[SourceQuality "1"]

1. e4 c5 2. Nf3 d6 3. Bb5+ Nd7 4. 0-0 a6 5. Bd3 Ngf6 6. Re1 e6 7. c3 Be7 8. Bc2 0-0 9. d4 e5 10. dxe5 dxe5 11. c4 b5 12. Nc3 bxc4 13. Qe2 Bb7 14. Qxc4 Nb6 15. Qe2 Qc7 16. Be3 Rfe8 17. Nd2 Rac8 18. Bb3 Nfd7 19. Rac1 Nb8 20. Nc4 Nxc4 21. Qxc4 Bf8 22. Na4 Nc6 23. Nxc5 Na5 24. Qe2 Nxb3 25. Nxb3 Qd6 26. Bc5 Qg6 27. Bxf8 Rxc1 28. Nxc1 Kxf8 29. Nd3 Qb6 30. Rc1 Qd4 31. Nc5 Rc8 32. Rc4 Qxc5 33. Rxc5 Rxc5 34. f3 Ke7 35. Qd2 Rc7 36. Qg5+ Ke6 37. a4 f6 38. Qf5+ Kf7 39. Qh5+ Kf8 40. b4 Rc1+ 41. Kf2 Rb1 42. Qxh7 Rxb4 43. Qh8+ Kf7 44. Qb8 Kg6 45. Kg3 Rb2 46. h4 a5 47. Qe8+ Kh7 48. h5 Rb4 49. Qg6+ Kh8 50. h6 1-0

[Event "IND-ch U17 Girls"]
[Site "Saravanampatty"]
[Date "2017.10.25"]
[Round "2"]
[White "Sunyuktha, CMN"]
[Black "Madhani, Shilpee"]
[Result "1-0"]
[WhiteElo "1941"]
[BlackElo "1499"]
[PlyCount "111"]
[EventDate "2017.10.24"]
[EventType "swiss"]
[EventRounds "11"]
[EventCountry "IND"]
[SourceTitle "CBM 181 Extra"]
[Source "ChessBase"]
[SourceDate "2017.12.12"]
[SourceVersion "1"]
[SourceVersionDate "2017.12.12"]
[SourceQuality "1"]

1. e4 e5 2. Nf3 d6 3. d4 Nf6 4. Nc3 Nbd7 5. Bc4 Be7 6. 0-0 h6 7. a4 a5 8. h3 c6 9. Ba2 Qc7 10. Be3 Nf8 11. Nd2 g5 12. Nc4 Ra6 13. d5 Ng6 14. dxc6 bxc6 15. Qd2 Be6 16. Qe2 Ra8 17. Nd2 Qd7 18. Bxe6 fxe6 19. Nc4 Qb7 20. Qd3 Qb8 21. Rfd1 0-0 22. Nb6 Ra7 23. Nc8 Rxc8 24. Bxa7 Qxa7 25. Qc4 d5 26. exd5 exd5 27. Nxd5 Nxd5 28. Rxd5 Kg7 29. Rd2 Qb6 30. c3 Rf8 31. Rf1 Qc5 32. Qe6 Rf6 33. Qc8 e4 34. Rd4 Qe5 35. Re1 Qf4 36. Re2 Bd6 37. Qd7+ Ne7 38. g3 Qf3 39. Rdxe4 Kg8 40. Rxe7 Bxe7 41. Qxe7 Rf7 42. Qe8+ Kg7 43. Qe5+ Kg8 44. Rd2 Kh7 45. Qe2 Qf6 46. Rd4 Kg7 47. Re4 Qf5 48. Kg2 Qd5 49. f3 Qb3 50. Rd4 Qb6 51. h4 c5 52. hxg5 hxg5 53. Qe3 Kg6 54. Qe4+ Kg7 55. Qd5 Kh6 56. f4 1-0